|
|
|
|
| LEADER |
00000nam0a2200000 4500 |
| 001 |
142879 |
| 005 |
20231101221006.0 |
| 029 |
1 |
0 |
|a RU
|b 78-2005
|c РМГ
|
| 035 |
|
|
|a (RuTPU)RU\TPU\book\154840
|
| 035 |
|
|
|a RU\TPU\book\154831
|
| 090 |
|
|
|a 142879
|
| 100 |
|
|
|a 20080912d2006 k y0rusy50 ca
|
| 101 |
0 |
|
|a rus
|
| 102 |
|
|
|a RU
|
| 105 |
|
|
|a y l 001zy
|
| 200 |
1 |
|
|a Излучения ионизирующие и их измерения. Термины и определения
|e Рекомендации по межгосударственной стандартизации. РМГ 78-2005
|f Межгосударственный совет по стандартизации, метрологии и сертификации
|
| 205 |
|
|
|a Изд. офиц.
|
| 210 |
|
|
|a Москва
|c Стандартинформ
|d 2006
|
| 215 |
|
|
|a 19 с.
|
| 225 |
1 |
|
|a Государственная система обеспечения единства измерений
|
| 229 |
|
|
|a Приказом Федерального агентства по техническому регулированиюи метрологии от 1 марта 2006 г. № 17-ст рекомендации по межгосударственной стандартизации РМГ 78-2005 введены в действие в качестве рекомендаций по метрологии Российской Федерации с 1 июля 2006 г.
|a Взамен ГОСТ 15484-81
|
| 320 |
|
|
|a Алф. указ.: с. 12-16
|
| 610 |
1 |
|
|a государственная система обеспечения единства измерений
|
| 610 |
1 |
|
|a ионизирующие излучения
|
| 610 |
1 |
|
|a измерения
|
| 610 |
1 |
|
|a рекомендации
|
| 610 |
1 |
|
|a межгосударственная стандартизация
|
| 610 |
1 |
|
|a термины
|
| 610 |
1 |
|
|a определения
|
| 610 |
1 |
|
|a виды
|
| 610 |
1 |
|
|a физические величины
|
| 610 |
1 |
|
|a энергетические характеристики
|
| 610 |
1 |
|
|a источники излучений
|
| 675 |
|
|
|a 539(083)
|v 3
|
| 712 |
0 |
2 |
|a Межгосударственный совет по стандартизации, метрологии и сертификации
|2 stltpush
|3 (RuTPU)RU\TPU\col\9665
|9 24738
|
| 801 |
|
1 |
|a RU
|b 63413507
|c 20070315
|g PSBO
|
| 801 |
|
2 |
|a RU
|b 63413507
|c 20221208
|g PSBO
|
| 942 |
|
|
|c BK
|